01471nas a2200241Ia 4500001001100000003001000011008004100021040002500062041001400087100002600101210001900127222001900146245010300165250001100268260005100279300001100330310001600341362002200357500035300379501011400732520035300846650003001199R220-R1918IT-CnALBA170116c99999999xx |||||||||||| ||und|| aIT-CnALBAcIT-CnALBA aFRANCESE  aDE CLINCHAMPS PATRICE aEN CE TEMPS LA aEN CE TEMPS LA 0aEN CE TEMPS-LA'. LA BIBLE. LE CANTIQUE DES CANTIQUES. LA SAGESE. PUBLICATION HEBDOMADAIRE. N. 51.  a1a ed. a ODEGE BRUXEL.bFEMMES D'AUJOURD'HUI ED.cn.d. a32 p.  aSETTIMANALE aFascicolo: 51 /  aCANTO DI AMORE DI DIO PER IL POPOLO. CHOURAQUI A. DHEILLY J. SACRE RAPPRESENTAZIONI. LIBRO DELLA SAPIENZA. CANTICO DEI CANTICI. UN MATRIMONIO. FROSSARD A. ANALOGIA TRA COMUNIONE DIVINA E AMORE UMANO. GOLDSTAIN J. DOM. ILLUSTRAZIONI A COLORE NEL TESTO. VOCABOLARIO BIBLICO. PROGRESSO NELLA RIVELAZIONE. RISPOSTE AI LETTORI. FESTA BIBLICA D'AUTUNNO.  aSocietà San Paolo EM - Piazza San Paolo, 14 - 12051 ALBA (CN) (non commercial uses only) ® Copyright 2017 aCANTO DI AMORE DI DIO PER IL POPOLO. CHOURAQUI A. DHEILLY J. SACRE RAPPRESENTAZIONI. LIBRO DELLA SAPIENZA. CANTICO DEI CANTICI. UN MATRIMONIO. FROSSARD A. ANALOGIA TRA COMUNIONE DIVINA E AMORE UMANO. GOLDSTAIN J. DOM. ILLUSTRAZIONI A COLORE NEL TESTO. VOCABOLARIO BIBLICO. PROGRESSO NELLA RIVELAZIONE. RISPOSTE AI LETTORI. FESTA BIBLICA D'AUTUNNO.  aBIBBIA - TESTI E COMMENTI